Medzinárodné účtovné štandardy [účtovanie odpisov
Na minha lista:
| Autor principal: | |
|---|---|
| Outros Autores: | |
| Formato: | Livro |
| Idioma: | eslovaco |
| Publicado em: |
Žilina
PORADCA
2002
|
| Assuntos: | |
| Tags: |
Sem tags, seja o primeiro a adicionar uma tag!
|
MARC
| LEADER | 00000nam a2200000 4500 | ||
|---|---|---|---|
| 001 | c141588 | ||
| 005 | 20221124092500.6 | ||
| 020 | |a 80-88927-47-1 | ||
| 041 | 0 | |a slo | |
| 044 | |a SK | ||
| 245 | 1 | 0 | |a Medzinárodné účtovné štandardy |b [účtovanie odpisov |c Gabriela Hricišáková, Dušan Malina |
| 264 | 1 | |a Žilina |b PORADCA |c 2002 | |
| 300 | |a 190 s. | ||
| 610 | 2 | 0 | |a štandardy |
| 610 | 2 | 0 | |a účtovníctvo |
| 610 | 2 | 0 | |a účtovníctvo medzinárodné |
| 610 | 2 | 0 | |a odpisy |
| 610 | 2 | 0 | |a cash flow |
| 610 | 2 | 0 | |a závierka účtovná |
| 610 | 2 | 0 | |a dane z príjmov |
| 610 | 2 | 0 | |a výkazy účtovné |
| 610 | 2 | 0 | |a výnosy |
| 610 | 2 | 0 | |a integrácia ekonomická medzinárodná |
| 610 | 2 | 0 | |a Slovensko |
| 610 | 2 | 0 | |a Európska únia |
| 100 | 1 | |a Hricišáková, Gabriela | |
| 700 | 1 | |a Malina, Dušan | |